000 00419nam a2200169Ia 4500
001 27157
003 IN-NITTTR
005 20251114233339.0
008 251113s9999||||xx |||||||||||||| ||eng||
040 _beng
040 _cIN-NITTTR
041 _aeng
082 _a629.8 H212E
100 _aHarter, James H.
245 0 _aElectromechanics :
_b principles, concepts and devices /
_cHarter, James H.
942 _2ddc
_cBK
999 _c29785
_d29785